Trivia - GTA 4 - Statistics

General Stats
  • This quiz has been taken 383 times
  • The average score is 8 of 10
Answer Stats
Question Answer % Correct
What is the main character's name in "Grand Theft Auto IV"? Niko Bellic
98%
Who is Niko's cousin? Roman
97%
What is the name of Roman's girlfriend? Mallorie
90%
Which McReary brother is available as a friend? Packie
90%
Who orders you to kill Mikhail Faustin? Dimitri Rascalov
87%
What is Brucie's last name? Kibbutz
85%
Killing who gives you the achievement "Fed The Fish"? Vlad
85%
On which of the following platforms GTA 4 WAS NOT released? Playstation 1
83%
How many girlfriends do you get within the main story Two
67%
There are five McReary brothers. False
61%
No matching quizzes found
Score Distribution
Percent of People with Each Score
Percentile by Number Answered
Your Score History
You have not taken this quiz